Kooperace a integrace v zemědělství členských zemí RVHP

Uložené v:
Podrobná bibliografia
Hlavný autor: Marillai, Vilmos
Médium: Kniha
Jazyk:Czech
Vydavateľské údaje: Praha Státní zemědělské nakladatelství 1982
Tagy: Pridať tag
Žiadne tagy, Buďte prvý, kto otaguje tento záznam!

MARC

LEADER 00000nam a2200000 4500
001 c129121
005 20250513124047.9
041 0 |a cze 
044 |a CZ 
245 1 0 |a Kooperace a integrace v zemědělství členských zemí RVHP  |c Vilmos Marillai ; [Přel. Otakar Hampl, Eva Kozáková] 
264 1 |a Praha  |b Státní zemědělské nakladatelství  |c 1982 
300 |a 231 s. 
100 1 |a Marillai, Vilmos